000
00219 a2200097 4500
001
44548
100
_a
Poyser
245
_a
Engineering Science
260
_a
London
_b
University Tutorial Press
_c
090
_c
28271
_d
28271
942
_a
NUST-CAE
_c
M
_c
20304
999
_c
279621
_d
279621